The new world : America & Canada
Saved in:
| Main Author: | |
|---|---|
| Other Authors: | |
| Format: | Book |
| Language: | English |
| Published: |
London :
A. & C. Black,
[1924]
|
| Series: | Stories of the nations
|
| Subjects: | |
| Tags: |
Add Tag
No Tags, Be the first to tag this record!
|
MARC
| LEADER | 00000cam a2200000 a 4500 | ||
|---|---|---|---|
| 001 | 1/121138 | ||
| 008 | 200323s1924####enk| ||| |||| ||eng|| | ||
| 040 | |a GR-MyUa |b gre |c GR-MyUa |e AACR2 | ||
| 041 | 0 | |a eng | |
| 082 | 7 | |a 970 |2 (23) | |
| 100 | 1 | |a Finnemore, John, |d 1863-1915. | |
| 245 | 1 | 4 | |a The new world : |b America & Canada / |c by John Finnemore and Beatrice Home. |
| 260 | |a London : |b A. & C. Black, |c [1924] | ||
| 300 | |a 2 τ. σε 1 : |b εικ. ; |c 20 εκ. | ||
| 490 | 1 | |a (The stories of the nations) | |
| 505 | 8 | |a Τ. 1. America / John Finnemore -- τ. 2. Canada / Beatrice Home. | |
| 651 | 0 | |a United States |x History. | |
| 651 | 0 | |a Canada |x History. | |
| 700 | 1 | |a Home, Beatrice. | |
| 830 | 0 | |a Stories of the nations | |
| 852 | |a INST |b SYROS |e 20200323 |h 970 FIN |p 005500015004 |q 005500015004 |t BK |y 0 | ||
| 920 | |a Σαρτζετάκης |b Ιωάννης |y Σύρος |z 2020-03 | ||
| 970 | |a Κοντού |b Παρασκευή |z 23/03/2020 | ||